000
00320nam a22001337a 4500
008
170613b xxu||||| |||| 00| 0 eng d
020
_a
2900495503254
041
_a
eng
080
_a
328
100
_a
19
101
_a
SHP
245
_a
AMERICAN GOVERNMENT AND POLITICS TODAY: THE ESSENTIALS
_c
BARDES
942
_2
udc
_c
BK
999
_c
17165
_d
17165